000 00383nam a2200133Ia 4500
005 20260328101529.0
008 260328s9999||||xx |||||||||||||| ||und||
100 _aJaen Suárez, Omar
245 0 _aGeografia de Panamá :
_b Estudio Introductorio y antologia /
_cOmar Jaen Suárez
260 _bBiblioteca de la Cultura Panameña
300 _a472 p.
650 _aTEORÍA
942 _cBK
999 _c9922
_d9922